00925cam a22002531 4500001001300000003000400013005001700017008004100034010001700075035001900092040002100111042001200132050002000144082001000164100002700174245009100201260007200292300004600364500003600410500014000446600004200586651002600628999001700654med47001461 DLC20260227111602.0750606s1947 xx 000 0 eng  amed47001461  a(OCoLC)1377644 aDLCcMoSW-MdDLC apremarc00aRA424.5.G6bM35 a926.11 aMartin, Thomas Wesley.10aDoctor William Crawford Gorgas of Alabama and the Panama Canalc[by] Thomas W. Martin. aNew York,bThe Newcomen Society of England, American Branch,c1947. a41 [7] p.billus., plates, ports.c23 cm. a"First printing: January 1947." a"Address ... delivered ... at the 1947 Alabama dinner of the Newcomen Society of England, held at ... Birmingham ... January 31, 1947."10aGorgas, William Crawford,d1854-1920. 0aPanama Canal (Panama) c38325d38325